Pokémon di tipo Fuoco come tipo secondario - Statistics

Statistiche generali
  • Questo quiz è stato fatto 4 volte
  • Il punteggio medio è 17 su 22
Statistiche sulle risposte
Numero Pokédex Nazionale Tipo Tipo Pokémon % Corretto
609 Spettro Fuoco Chandelure
100%
555 Ghiaccio Fuoco Darmanitan (Stato Zen di Galar)
100%
229 Buio Fuoco Houndoom
100%
228 Buio Fuoco Houndour
100%
608 Spettro Fuoco Lampent
100%
636 Coleottero Fuoco Larvesta
100%
607 Spettro Fuoco Litwick
100%
229 Buio Fuoco MegaHoundoom
100%
643 Drago Fuoco Reshiram
100%
479 Elettro Fuoco Rotom (Rotom Calore)
100%
128 Lotta Fuoco Tauros (Forma di Paldea Varietà Infuocata)
100%
494 Psico Fuoco Victini
100%
637 Coleottero Fuoco Volcarona
100%
383 Terra Fuoco Groudon (Archeorisveglio)
67%
757 Veleno Fuoco Salandit
67%
838 Roccia Fuoco Carkol
33%
1004 Buio Fuoco Chi-Yu
33%
839 Roccia Fuoco Coalossal
33%
839 Roccia Fuoco Coalossal Gigamax
33%
1017 Erba Fuoco Ogerpon (Maschera Focolare)
33%
758 Veleno Fuoco Salazzle
33%
952 Erba Fuoco Scovillain
33%
Nessun quiz corrispondente trovato
Distribuzione punteggi
Percentuale di utenti per punteggio
Percentile per numero di risposta
I tuoi punteggi nel tempo
Non hai fatto questo quiz